000 03125cam a2200301 4500500
005 20260201065520.0
041 _afre
042 _adc
100 1 0 _aBott, Matthieu
_eauthor
700 1 0 _aChahory, Sabine
_eauthor
245 0 0 _aAnatomie de l’œil, physiologie du tonus oculaire, causes et mécanismes pathogéniques du glaucome chez le cheval
260 _c2026.
500 _a48
520 _aLe glaucome est une maladie oculaire rare chez le cheval, résultant d’une élévation anormale de la pression intraoculaire (PIO) due à un déséquilibre entre la production et l’élimination de l’humeur aqueuse. Bien que sa prévalence soit inférieure à celle observée chez l’humain ou le chien, ses conséquences sur la vision justifient une prise en charge adaptée. Chez le cheval, l’humeur aqueuse est principalement drainée par la voie non conventionnelle uvéo-sclérale. L’augmentation de la PIO entraîne une hypoperfusion et des modifications intraoculaires, provoquant l’apparition de signes cliniques caractéristiques, tels qu’un œdème cornéen, une mydriase, une buphtalmie ou une dégénérescence de la rétine et du nerf optique. Chez le cheval, le glaucome est le plus souvent secondaire à l’uvéite récurrente équine. Des glaucomes congénitaux, primaires, ou secondaires à d’autres causes (traumatisme, tumeur intraoculaire) sont également décrits. La détection précoce et la compréhension des mécanismes physiopathologiques sont essentielles pour préserver la vision et le bien-être du cheval.
520 _aGlaucoma is a rare ocular disease in horses, resulting from an abnormal increase in intraocular pressure (IOP) due to an imbalance between the production and drainage of aqueous humour. Although its prevalence is lower than in humans or dogs, its impact on vision warrants appropriate management. In horses, aqueous humour is primarily drained through the non-conventional uveoscleral pathway. Increased IOP leads to hypoperfusion and intraocular changes, causing characteristic clinical signs such as corneal oedema, mydriasis, buphthalmia, or degeneration of the retina and optic nerve. The most common cause of glaucoma in horses is secondary to equine recurrent uveitis. Congenital, primary, or secondary glaucomas due to other causes (trauma, intraocular tumour) have also been described. Early detection and a thorough understanding of the pathophysiological mechanisms are essential to preserving vision and ensuring the horse’s well-being.
690 _aangle iridocornéen
690 _ahumeur aqueuse
690 _aPression intraoculaire
690 _auvéite récurrente équine
690 _avoie uvéo-sclérale
690 _aaqueous humour
690 _aequine recurrent uveitis
690 _aIntraocular pressure
690 _airidocorneal angle
690 _auveoscleral pathway
786 0 _nLe Nouveau Praticien Vétérinaire - Équine | 19 | 3 | 2026-01-06 | p. 6-12 | 1767-5081
856 4 1 _uhttps://stm.cairn.info/revue-le-nouveau-praticien-veterinaire-equine-2025-3-page-6?lang=fr&redirect-ssocas=7080
999 _c1639780
_d1639780